UBT Library

Censuses, surveys, and privacy / (Record no. 44641)

000 -LEADER
fixed length control field 00553pam a2200217 i 4500
001 - CONTROL NUMBER
control field 4644553
005 - DATE AND TIME OF LATEST TRANSACTION
control field 20180309093533.0
008 - FIXED-LENGTH DATA ELEMENTS--GENERAL INFORMATION
fixed length control field 790604s1979 nyu b 000 0 eng
010 ## - LIBRARY OF CONGRESS CONTROL NUMBER
LC control number 79009292
020 ## - INTERNATIONAL STANDARD BOOK NUMBER
International Standard Book Number 0841905363
040 ## - CATALOGING SOURCE
Original cataloging agency DLC
Transcribing agency DLC
Modifying agency DLC
041 ## - LANGUAGE CODE
Language code of text/sound track or separate title eng
080 ## - UNIVERSAL DECIMAL CLASSIFICATION NUMBER
Universal Decimal Classification number 323.44 BUL
082 00 - DEWEY DECIMAL CLASSIFICATION NUMBER
Classification number 323.44 BUL
100 ## - Rafti
Rafti 20
101 ## - Shkurtesa
Shkurtesa POL
245 00 - TITLE STATEMENT
Title Censuses, surveys, and privacy /
Statement of responsibility, etc edited by Martin Bulmer.
504 ## - BIBLIOGRAPHY, ETC. NOTE
Bibliography, etc Bibliography: [249]-260.
906 ## - LOCAL DATA ELEMENT F, LDF (RLIN)
a 7
b cbc
c orignew
d 1
e ocip
f 19
g y-gencatlg
942 ## - ADDED ENTRY ELEMENTS (KOHA)
Source of classification or shelving scheme
Item type Books
Holdings
Withdrawn status Lost status Source of classification or shelving scheme Damaged status Not for loan Collection code Permanent location Current location Shelving location Date acquired Total Checkouts Full call number Barcode Date last seen Price effective from Koha item type
          Koleksioni i përgjithshem UBT - Lipjan UBT - Lipjan Koleksioni i përgjithshem 03/09/2018   323.44 BUL 002-3001464 03/09/2018 03/09/2018 Books
UBT Library © 2015-2024. All rights reserved University Education for Business and Technology